Fundamentals of Rumi`s thought : a Mevlevi Sufi perspective (Record no. 30374)

MARC details
000 -LEADER
fixed length control field 00450nam a2200181Ia 4500
020 ## - INTERNATIONAL STANDARD BOOK NUMBER
ISBN 1-932099-79-4
050 ## - CALL MARK
Classification number BP 189.7 .M42 C3513/
100 ## - STATEMENT OF RESPONSIBILITY--MAIN AUTHOR NAME
Personal name Can, Sefik
245 #0 - TITLE STATEMENT
Title Fundamentals of Rumi`s thought : a Mevlevi Sufi perspective
260 ## - PUBLICATION, DISTRIBUTION, ETC. (IMPRINT)
Place of publication New Jersey
260 ## - PUBLICATION, DISTRIBUTION, ETC. (IMPRINT)
Name of publisher The Light Inc.
260 ## - PUBLICATION, DISTRIBUTION, ETC. (IMPRINT)
Year of publication 2004
300 ## - PHYSICAL DESCRIPTION
Number of Pages 314 p
650 ## - SUBJECT ADDED ENTRY--TOPICAL TERM
Topical Term Sufism
942 ## - ADDED ENTRY ELEMENTS (KOHA)
Koha item type Books
Holdings
Withdrawn status Lost status Source of classification or shelving scheme Damaged status Not for loan Permanent Location Current Location Shelving location Date acquired Accession Number Price effective from Koha item type
    Library of Congress Classification     NILE UNIVERSITY OF NIGERIA - MAIN LIBRARY NILE UNIVERSITY OF NIGERIA - MAIN LIBRARY Items on shelf 04/23/2025 0002040 04/23/2025 Books